Statistics for Countries With The Tallest people

Click here to take the quiz!

General Stats

  • This quiz has been taken 47 times
  • The average score is 19 of 24

Answer Stats

Height (cm)Country% Correct
172.65Norway
100%
172.71Sweden
100%
174.29Denmark
98%
172.87Germany
98%
175.62Netherlands
95%
172.74Finland
90%
175.13Estonia
86%
173.21Iceland
86%
175.61Latvia
86%
172.82Lithuania
86%
173.59Belgium
83%
172.31France
83%
172.39Belarus/Ukraine
81%
174.13Serbia
81%
172.92Slovenia
79%
173.35Bosnia and Herzegovina
74%
173.20Croatia
74%
174.28Czech Republic
74%
173.48Slovakia
71%
171.56Montenegro
67%
172.02Ireland
60%
171.52Bulgaria
57%
172.53Australia
50%
171.34New Zealand
45%

Score Distribution

Percentile by Number Answered

Percent of People with Each Score

Your Score History

You have not taken this quiz